Diseño e implementación de un protocolo de comunicación de alta velocidad para interconexión de módulos de procesamiento digital de señales
Guardado en:
| Hovedforfatter: | |
|---|---|
| Format: | Bog |
| Sprog: | Spanish |
| Udgivet: |
[San José, Costa Rica]
2012
|
| Fag: | |
| Tags: |
Tilføj Tag
Ingen Tags, Vær først til at tagge denne postø!
|
MARC
| LEADER | 00000nam a22000007a 4500 | ||
|---|---|---|---|
| 003 | 010872 | ||
| 005 | 20221231143923.0 | ||
| 008 | 151022b2012 cr a|||| |||| 00| 0 spa d | ||
| 040 | |c cru CEDI | ||
| 090 | |a TFG 6694 | ||
| 100 | |9 1742 |a Gómez Cambronero, María Gabriela | ||
| 245 | |a Diseño e implementación de un protocolo de comunicación de alta velocidad para interconexión de módulos de procesamiento digital de señales | ||
| 260 | |a [San José, Costa Rica] |c 2012 | ||
| 500 | |a "IE - 0502 Proyecto Eléctrico" Proyecto de graduación (bachillerato de ingeniería)--Universidad de Costa Rica. Facultad de Ingeniería. Escuela de Ingeniería Eléctrica | ||
| 650 | |x PROCESAMIENTO DE SEÑALES - TECNICAS DIGITALES |x CIRCUITOS DE INTERFAZ |x REDES DE COMPUTADORAS - PROTOCOLOS |9 1743 | ||
| 942 | |c TFG | ||
| 999 | |c 14250 |d 14250 | ||
